书目信息 |
| 题名: |
学与教的心理学
|
|
| 作者: | 邵瑞珍 | |
| 分册: | ||
| 出版信息: | 上海 华东师范大学 1990 |
|
| 页数: | 401页 | |
| 开本: | 20cm | |
| 丛书名: | 高等师范院校教材 | |
| 单 册: | ||
| 中图分类: | B849:G44 , B849 | |
| 科图分类: | ||
| 主题词: | 应用心理学 | |
| 电子资源: | ||
| ISBN: | 7-5617-0621-9 | |
| 000 | 00599nam0 2200217 450 | |
| 001 | 1550704192 | |
| 005 | 20150130140643.39 | |
| 010 | @a7-5617-0621-9@dCNY8.40 | |
| 100 | @a20070818d km y0chiy0120 ea | |
| 101 | 0 | @achi |
| 200 | 1 | @a学与教的心理学@Axue yu jiao de xin li xue@f邵瑞珍@Fshao rui zhen |
| 210 | @a上海@c华东师范大学@d1990 | |
| 215 | @a401页@d20cm | |
| 225 | 2 | @a高等师范院校教材 |
| 410 | 0 | @12001 @a高等师范院校教材 |
| 606 | 0 | @a应用心理学 |
| 690 | @aB849:G44@v3 | |
| 690 | @aB849@v4 | |
| 701 | 0 | @a邵瑞珍@Ashao rui zhen |
| 801 | 0 | @aCN@bTSSF@c20150130 |
| 905 | @aZUCC@dB849@eJY44 | |
| 学与教的心理学/邵瑞珍.-上海:华东师范大学,1990 |
| 401页;20cm.-(高等师范院校教材) |
| ISBN 7-5617-0621-9:CNY8.40 |
| ● |
| 相关链接 |
|
|
|
|
正题名:学与教的心理学
索取号:B849/JY44
 
预约/预借
| 序号 | 登录号 | 条形码 | 馆藏地/架位号 | 状态 | 备注 |
| 1 | 7846234 | 278462343 | 学院路分馆/ [索取号:B849/JY44] | 在馆 | |
| 2 | 7846235 | 278462352 | 学院路分馆/ [索取号:B849/JY44] | 在馆 |